Countries With The Most Dogs - Statistics

General Stats
  • This quiz has been taken 977 times
  • The average score is 16 of 20
Answer Stats
Population # Country % Correct
69,929,000 United States
100%
27,400,000 China
99%
12,520,000 Russia
97%
9,000,000 United Kingdom
97%
7,570,000 France
96%
35,800,000 Brazil
95%
10,200,000 India
95%
5,300,000 Germany
94%
4,720,000 Spain
92%
12,000,000 Japan
91%
7,000,000 Italy
89%
3,700,000 Australia
88%
9,200,000 Argentina
83%
7,311,000 Poland
79%
7,400,000 South Africa
74%
11,600,000 Philippines
55%
4,166,000 Romania
54%
2,856,000 Hungary
39%
3,152,000 Czech Republic
35%
5,000,000 Ethiopia
33%
No matching quizzes found
Score Distribution
Percent of People with Each Score
Percentile by Number Answered
Your Score History
You have not taken this quiz